Estatísticas para Países mais goleadores da Copa do Mundo

Clique aqui para jogar o quiz

Estatísticas Gerais

  • Esse quiz foi jogado 56 vezes
  • A pontuação média é 9 de 10

Estatísticas das Respostas

PaísGols% Correto
Brasil237
100%
Argentina152
98%
Alemanha232
96%
Itália128
96%
Espanha108
94%
França136
92%
Inglaterra104
90%
Uruguai89
85%
Países Baixos95
83%
Hungria87
27%

Distribuição das Pontuações

Percentil de Números Respondidos

Porcentagem de Pessoas com Cada Pontuação

Sua Pontuação Histórica

Você não jogou esse quiz